02372nam a2200325Ia 4500001000600000003000900006008004100015040001300056040001300069041001300082100001900095100002900114245003700143245003700180250001100217260000900228260001200237260004900249300005700298500133300355650001501688650003101703700001101734700002901745942000701774957000601781999001701787999000601804952023601810H5587IT-RoPAU130308s9999 xx 000 0 und d aIT-RoPAU cIT-RoPAU aITALIANO aCometa Michele gCodice Aut. SPICS: 9341 aDizionario degli studi culturali bDizionario degli Studi Culturali a1a ed. aROMA bMeltemi c2004 [1° Ed.:2004 - Ed.Ling.Originale:2004] a"572 p. (prefazione: no ; testo: 572 [pagine: 0-0])" aIniziare nel Mezzo. Nota di Lettura. American Memory. Analisi Discorso. Antropologia Filosofica. Antropologia Letteraria. Archeologia Sapere. Border Studies. Comunicazione Interculturale. consumo Produttivo, Critica Archetipa. Critica Letteraria Femminista. Cultura Cyborg. Cultura Visuale. Culturologia. Decostruzione. Ecriture Feminine. Etnopsicologia. Fashion Theory. Film Studies. Frauenliteratur. Gender History. Imatologia. Immaginazione Materiale. Jewish Studies. Mediologia. Memoria Culturale. Metaforologia. Metastoria. Microstoria. Mitocritica. Multiculturalismo. Music Studies. Neostoricismo. Nuova Storia Culturale. Politica Culturale. Postumano. Realtà Virtuale. Rizomatica. Semantica Storica. Semiosfera. Sociosemiotica. Storia dei Concetti. Storia delle Idee. Storia delle Mentalità. Storicismo. Studi (Post )Coloniali. Studi Culturali. Studi Gay e Lesbici. Studi Queer. Studi Sui pregiudizi e Sugli Stereotipi. Studi Sulla Diaspora. Studi Sulla Performance. Studi Sulla Tradizione. Subaltern Studies. Teoria Critica. teorie della Orporeità. teorie della Fotografia. Women'S Studies. Xenologia. Cartografiastudi Culturali. Tabella comparativa dei Lemmi. indice dei Nomi. Autori. Ogni Singolo Lemma si Compone: di 1 testo , di 1 Lessico, di 1 Serie di link a risorse Pubblicate Sul Web, 1 breve Bibliografia. aSEMIOLOGIA eCodice materia Spics: 3251 aAA.VV. gCodice Aut. SPICS: 12000 cBK 71 c88126d88126 g1 0010406H_000000000000000_558771aSPICSbSPICSd2013-03-08l0oH5587r2013-03-08 00:00:00w2013-03-08yBKzProgressivo inserimento: 5115 / N. Volumi: 1 Copie: 1 / data import: 1 marzo 2013 - By Epidotti, Trombetti, Vaglietti.